Наукові записки (Запис № 578825)

МАРК-запис
000 -Лідер
fixed length control field 00724 a2200229 4500
001 - Контрольний номер
control field 2162214035926007
003 - Ідентифікатор контрольного номера
control field UA-OsUOA
005 - Дата та час останнього входження (трансакції)
control field 20250602152935.0
008 - Елементи даних фіксованої довжини – загальна інформація
fixed length control field 250523b un ||||| |||| 00| 0 ukr d
020 ## - Міжнародний стандартний книжковий номер (ISBN)
Міжнародний стандартний книжковий номер (ISBN) (НП) 966951665
040 ## - Джерело каталогізації
Агенція оригінальної каталогізації UA-OsUOA
Мова каталогізації ukr
Агенція, яка здійснювала перезапис UA-OsUOA
Агенція, яка здійснювала модифікацію UA-OsUOA
041 ## - Код мови
Код мови тексту/ звукової доріжки чи окремого заголовка (П) ukr
080 ## - Індекс Універсальної десяткової класифікації
Індекс Універсальної десяткової класифікації (УДК) (НП) 082
090 ## - Локальний шифр розміщення
Класифікаційний індекс УДК 082
245 ## - Відомості про назву
Назва (НП) Наукові записки
Номер частини/ розділу роботи (П) ч. ІІ
260 ## - Публікація, розповсюдження і т.п. (Вихідні дані)
Місце публікації, розповсюдження і т.п. (П) Острог
300 ## - Фізичний опис
Обсяг 267 c.
505 ## - Форматована примітка про зміст
Змішана інформація т. I
650 ## - Додаткове предметне введення – тематичний термін
Джерело заголовка чи терміна UDC
Тематичний термін чи географічна назва, як елемент введення (НП) 082 Збірники творів різних авторів на різні теми
9 (RLIN) 20524
942 ## - Додаткові елементи входу (Коха)
Тип елемента Koha Журнал
Source of classification or shelving scheme Universal Decimal Classification
Фонди
Стан вилучень Стан втрат Джерело класифікації або схеми стелажів Стан уражень Не для кредиту Постійне місце розташування Поточне розміщення Дата придбання Вартість, звичайна ціна покупки Інвентарний номер Усього замовленно Повний номер виклику Штрих-код Дата останнього перегляду Вартість, ціна заміни Ціна ефективна від Тип елемента Koha
    Universal Decimal Classification     Наукова бібліотека ІДУД Наукова бібліотека ІДУД 23/05/2025 1.00 300172   082 300172 23/05/2025 1.00 23/05/2025 Журнал